Score 0/16 Timer 03:00
1 Play Today
% Correct
Coca-Cola
89.3%
Geico Insurance
88.9%
AFLAC insurance
86.7%
Energizer batteries
85.5%
Taco Bell (Gidget)
76.1%
Budweiser
75.3%
Cadbury
67%
Starkist tuna (Charlie)
56.5%
% Correct
Snuggle fabric softener
55.3%
Chick-fil-A
50.7%
RCA/HMV Victor (Nipper)
43.3%
Borden (Elsie the Cow)
34%
Jack Link’s beef jerky
21.4%
9 Lives cat food
19.6%
Cottonelle/Andrex toilet paper
15.4%
Pacific Life
15.1%
Remove Ads.
Support Sporcle.
Get the best of Sporcle when you Go Orange. This ad-free experience offers more features, more stats, and more fun while also helping to support Sporcle. Thank you for becoming a member.

You're not logged in!

Compare scores with friends on all Sporcle quizzes.
OR
Log In

Sporcle TV

Today on Sporcle TV


Watch our educational content, quiz creation guides, and fun videos on Sporcle TV.

Show Comments

Extras

Top Quizzes Today


Score Distribution

Paid Content

Your Account Isn't Verified!

In order to create a playlist on Sporcle, you need to verify the email address you used during registration. Go to your Sporcle Settings to finish the process.

Report this User

Report this user for behavior that violates our Community Guidelines.

Details: